<?xml version="1.0" encoding="UTF-8"?>
<record
    xmlns:xsi="http://www.w3.org/2001/XMLSchema-instance"
    xsi:schemaLocation="http://www.loc.gov/MARC21/slim http://www.loc.gov/standards/marcxml/schema/MARC21slim.xsd"
    xmlns="http://www.loc.gov/MARC21/slim">

  <leader>02979nam a2200397 i 4500</leader>
  <controlfield tag="003">CO-MdUADB</controlfield>
  <controlfield tag="005">20250811144040.0</controlfield>
  <controlfield tag="007">ta</controlfield>
  <controlfield tag="008">240722s1991    sp     gr     000 0 spa d</controlfield>
  <datafield tag="040" ind1=" " ind2=" ">
    <subfield code="a">CO-MdUADB</subfield>
    <subfield code="b">spa</subfield>
    <subfield code="c">CO-MdUADB</subfield>
    <subfield code="e">rda</subfield>
  </datafield>
  <datafield tag="041" ind1="1" ind2=" ">
    <subfield code="a">spa</subfield>
    <subfield code="h">fre</subfield>
  </datafield>
  <datafield tag="082" ind1="7" ind2="4">
    <subfield code="a">306</subfield>
  </datafield>
  <datafield tag="100" ind1="1" ind2=" ">
    <subfield code="a">Serrano, Aileen</subfield>
    <subfield code="e">aut</subfield>
    <subfield code="9">871880</subfield>
  </datafield>
  <datafield tag="245" ind1="1" ind2="0">
    <subfield code="a">ABC de las tragedias dom&#xE9;sticas / Aileen Serrano, Ma. del Carmen Arce</subfield>
  </datafield>
  <datafield tag="250" ind1=" " ind2=" ">
    <subfield code="a">Primera edici&#xF3;n</subfield>
  </datafield>
  <datafield tag="264" ind1=" " ind2="1">
    <subfield code="a">Madrid :</subfield>
    <subfield code="b">Alinza Editorial,</subfield>
    <subfield code="c">1991.</subfield>
  </datafield>
  <datafield tag="300" ind1=" " ind2=" ">
    <subfield code="a">219 p&#xE1;ginas</subfield>
  </datafield>
  <datafield tag="336" ind1=" " ind2=" ">
    <subfield code="2">rdacontent</subfield>
    <subfield code="a">texto</subfield>
    <subfield code="b">txt</subfield>
  </datafield>
  <datafield tag="337" ind1=" " ind2=" ">
    <subfield code="a">no mediado</subfield>
  </datafield>
  <datafield tag="338" ind1=" " ind2=" ">
    <subfield code="a">volumen</subfield>
  </datafield>
  <datafield tag="361" ind1="1" ind2=" ">
    <subfield code="a">Estrada Ochoa, Juli&#xE1;n</subfield>
    <subfield code="f">Etiquetas de libreros</subfield>
    <subfield code="k">2024-07-22</subfield>
    <subfield code="o">JEO 643.7 S487</subfield>
    <subfield code="7">rbprov</subfield>
  </datafield>
  <datafield tag="380" ind1=" " ind2=" ">
    <subfield code="2">lemb</subfield>
    <subfield code="a">Libros de texto</subfield>
  </datafield>
  <datafield tag="490" ind1="1" ind2=" ">
    <subfield code="a">(El Libro de Bolsillo. Secci&#xF3;n Libros &#xDA;tiles ;</subfield>
    <subfield code="v">1546)</subfield>
  </datafield>
  <datafield tag="500" ind1=" " ind2=" ">
    <subfield code="a">Incluye glosario t&#xE9;cnico.</subfield>
  </datafield>
  <datafield tag="505" ind1="0" ind2="0">
    <subfield code="t">Cuidado de la ropa --</subfield>
    <subfield code="t">Tratamiento de las manchas.</subfield>
  </datafield>
  <datafield tag="520" ind1="3" ind2=" ">
    <subfield code="a">Las distintas actividades que nos vemos obligados a desarrollar a diario en nuestros domicilios, en ocasiones desembocan en lo que podr&#xED;amos llamar peque&#xF1;as cat&#xE1;strofes. Una pieza de cobre y una vasija de esta&#xF1;o destrozadas por haber utilizado un producto de limpieza equivocado, olvidando las peculiaridades de cada uno de los metales; una prenda que se desti&#xF1;e por no haber tomado las debidas precauciones; otra que se destroza irreversiblemente por no haber sabido reparar la inoportuna descarga de un bol&#xED;grafo, etc., etc. Aileen Serrano y M.&#xAA; Carmen Arce nos muestran c&#xF3;mo en lo cotidiano hay situaciones desagradables que pueden evitarse y otras en las que, aun cuando sea imposible dar marcha atr&#xE1;s en la moviola e impedir que se vuelque el tintero o que demos un manotazo al jarr&#xF3;n tan querido, se puede atenuar el da&#xF1;o causado por nuestra torpeza o falta de precauci&#xF3;n. El ABC de las tragedias domesticas presenta, ordenados alfab&#xE9;ticamente para facilitar su consulta, multitud de trucos preventivos y curativos, fruto de la experiencia acumulada por las autoras tras muchos a&#xF1;os ayudando a resolver problemas a sus radioyentes y lectores. (Tomado de la cubierta del libro)</subfield>
  </datafield>
  <datafield tag="521" ind1=" " ind2=" ">
    <subfield code="a">P&#xFA;blico general.</subfield>
  </datafield>
  <datafield tag="541" ind1="1" ind2=" ">
    <subfield code="a">Familia de Juli&#xE1;n Estrada Ochoa;</subfield>
    <subfield code="c">Donaci&#xF3;n;</subfield>
    <subfield code="d">Recibido: 2023-02-21;</subfield>
    <subfield code="e">JEO 643.7 S487</subfield>
    <subfield code="f">Universidad de Antioquia. Campus El Carmen de Viboral.</subfield>
  </datafield>
  <datafield tag="561" ind1="1" ind2=" ">
    <subfield code="a">Perteneci&#xF3; originalmente a la colecci&#xF3;n de Juli&#xE1;n Estrada Ochoa (1951-2022). Tras su fallecimiento, su familia don&#xF3; la biblioteca personal a la Universidad de Antioquia en 2023. Durante el 2024 inici&#xF3; la organizaci&#xF3;n y su disposici&#xF3;n final est&#xE1; en la Biblioteca Campus El Carmen de Viboral.</subfield>
  </datafield>
  <datafield tag="650" ind1="1" ind2="7">
    <subfield code="a">Econom&#xED;a dom&#xE9;stica</subfield>
    <subfield code="9">32021</subfield>
  </datafield>
  <datafield tag="650" ind1="1" ind2="7">
    <subfield code="a">Mantenimiento</subfield>
    <subfield code="9">28201</subfield>
  </datafield>
  <datafield tag="700" ind1="1" ind2=" ">
    <subfield code="a">Arce, Mar&#xED;a del Carmen</subfield>
    <subfield code="e">aut</subfield>
    <subfield code="9">534841</subfield>
  </datafield>
  <datafield tag="830" ind1="1" ind2=" ">
    <subfield code="a">El Libro de Bolsillo. Secci&#xF3;n Libros &#xDA;tiles (Alianza Editorial)</subfield>
    <subfield code="9">871155</subfield>
  </datafield>
  <datafield tag="942" ind1=" " ind2=" ">
    <subfield code="2">ddc</subfield>
    <subfield code="c">BOOK</subfield>
  </datafield>
  <datafield tag="999" ind1=" " ind2=" ">
    <subfield code="c">863891</subfield>
    <subfield code="d">863891</subfield>
  </datafield>
  <datafield tag="952" ind1=" " ind2=" ">
    <subfield code="0">0</subfield>
    <subfield code="1">0</subfield>
    <subfield code="2">ddc</subfield>
    <subfield code="4">0</subfield>
    <subfield code="7">0</subfield>
    <subfield code="8">FJEO</subfield>
    <subfield code="a">CARME</subfield>
    <subfield code="b">CARME</subfield>
    <subfield code="d">2023-02-21</subfield>
    <subfield code="e">Familia de Juli&#xE1;n Estrada Ochoa</subfield>
    <subfield code="f">DONA</subfield>
    <subfield code="g">56000.00</subfield>
    <subfield code="l">0</subfield>
    <subfield code="o">JEO 643.7 S487</subfield>
    <subfield code="p">01120265</subfield>
    <subfield code="r">2025-08-11 14:37:00</subfield>
    <subfield code="w">2025-08-11</subfield>
    <subfield code="y">BOOK</subfield>
    <subfield code="z">Etiquetas de libreros</subfield>
  </datafield>
</record>
